|
|
|
|
| LEADER |
00000cam a2200000 a 4500 |
| 001 |
vtls001448798 |
| 003 |
SK-MaSNL |
| 005 |
20260425234951.0 |
| 008 |
240316s2002 xo g d 000 0 eng |
| 015 |
|
|
|a SNBA2003/05-01552
|
| 020 |
|
|
|a 808535313X
|
| 035 |
|
|
|a SNK000404064
|
| 035 |
|
|
|a urn:nbn:sk:snk-am3i29w
|
| 035 |
|
|
|a 8EA01E9C-2F50-4244-8AD7-9DCADE35A37D
|
| 035 |
|
|
|a urn:nbn:sk:snk-am00dhc4
|
| 040 |
|
|
|a SNK
|b slo
|c SNK
|e AACR2
|
| 041 |
0 |
|
|a eng
|
| 044 |
|
|
|a xo
|c SK
|
| 072 |
|
7 |
|a 81
|x Lingvistika. Jazyky
|2 konspekt
|
| 080 |
|
|
|a 811.111
|2 1981
|
| 080 |
|
|
|a 811.162.4
|2 1981
|
| 080 |
|
|
|a 81`374.822
|2 1981
|
| 080 |
|
|
|a (038)
|2 1981
|
| 100 |
1 |
|
|a Šaturová, Magda,
|d 1929-2016
|4 aut
|9 168596
|
| 245 |
1 |
0 |
|a English slovak dictionary
|c Magda Šaturová-Seppová
|
| 246 |
1 |
1 |
|a Slovensko anglický slovník
|
| 250 |
|
|
|a 2. vyd.
|
| 260 |
|
|
|a Bratislava
|b Topas
|c 2002
|
| 300 |
|
|
|a 120 s., 145 s.
|c 14 cm
|
| 500 |
|
|
|a Viazané zvratmo
|
| 504 |
|
|
|a Skrat. Pozn.
|
| 650 |
0 |
7 |
|a angličtina
|2 SNKPH
|9 1260
|
| 650 |
0 |
7 |
|a slovenčina
|2 SNKPH
|9 1350
|
| 655 |
|
7 |
|a slovníky
|2 SNKPH
|9 70413
|
| 655 |
|
7 |
|a jazykové slovníky
|2 SNKPH
|9 70525
|
| 919 |
|
|
|a 80-85353-13-X
|
| 999 |
|
|
|c 815413
|d 817343
|
| 952 |
|
|
|t P60, <03>, [BOOK], {603}
|a SNK
|b SNK
|y PREZ
|7 0
|p 17A0374332
|o snkSE 10317
|i snkKSP 1790/2003
|0 0
|1 0
|4 0
|d 2003-02-07
|f 1
|l 0
|r 2005-01-02 00:00:00
|w 2026-02-24
|
| 952 |
|
|
|t P60, <04>, [BOOK], {604}
|a SNK
|b SNK
|y VYP
|7 0
|p 17A0374333
|o snkSE 10317 D1
|i snkKSP 1791/2003
|0 0
|1 0
|4 0
|d 2003-02-07
|l 0
|r 2005-01-02 00:00:00
|w 2026-02-24
|